GHOST9 all songs(May 2026 Update) - Statistics

General Stats
  • This quiz has been taken 3 times
  • The average score is 4 of 42
Answer Stats
Hint Answer % Correct
ARCADE : O Ruckus
100%
ARCADE : V X-Ray
100%
NOW : Who we are facing Control
50%
NOW : Where we are, here Seoul
50%
NOW : When we are in Love Up All Night
50%
PRE EPISODE 2 : W.ALL W.all
50%
ARCADE : V Always, All Ways
0%
NOW : When we are in Love Antenna
0%
Digital single Awesome Day
0%
ARCADE : O B.O.M.C. (Bang On My Chest)
0%
ARCADE : O Bookmark
0%
ARCADE : V Champion
0%
NOW : Who we are facing Cosmos
0%
ARCADE : V Dot
0%
NOW : When we are in Love Double Click
0%
NOW : Who we are facing Dreaming
0%
PEAK TIME Fever
0%
PRE EPISODE 1 : DOOR Flying At Night
0%
PRE EPISODE 2 : W.ALL Focus
0%
NOW : Where we are, here Hide & Seek
0%
PRE EPISODE 1 : DOOR It's gonna be hot
0%
PRE EPISODE 1 : DOOR Lay back
0%
NOW : Who we are facing Love Language
0%
ARCADE : O Love Parachute
0%
NOW : Where we are, here Monday To Sunday
0%
Listen-Up Monster
0%
PEAK TIME Never Ever
0%
PEAK TIME NXT2U
0%
NOW : When we are in Love On And On
0%
PRE EPISODE 1 : DOOR Reborn
0%
PRE EPISODE 2 : W.ALL Red Sign
0%
ARCADE : O Rolling Stones
0%
NOW : When we are in Love Runaway
0%
PRE EPISODE 2 : W.ALL Splash
0%
NOW : Where we are, here Starvoy
0%
ARCADE : V Stranger
0%
PRE EPISODE 1 : DOOR Think of Dawn
0%
NOW : When we are in Love Trampoline
0%
NOW : Who we are facing Triangle
0%
ARCADE : V T.Y.T (Take You There)
0%
NOW : Where we are, here Uno
0%
PRE EPISODE 2 : W.ALL Way To You
0%
No matching quizzes found
Score Distribution
Percent of People with Each Score
Percentile by Number Answered
Your Score History
You have not taken this quiz